| 000 | 00747cab a2200241 4500 | ||
|---|---|---|---|
| 001 | WB3309-20 | ||
| 008 | 090401t1997 xxu||||| |||| 00| 0 eng d | ||
| 035 | _a(Sirsi) u59790 | ||
| 041 | _aeng | ||
| 245 | _aWarning of flood damage | ||
| 260 | _c1997 | ||
| 350 | _a0 | ||
| 490 |
_aEvening Standard _v27 February 1997, 16(1) |
||
| 520 | _aOn 12 March the Environment Agency is to launch a flood strategy review warning developers of the risks of areas prone to flooding with the prospect of rising sea levels. | ||
| 650 | _aDISASTER PLANNING | ||
| 650 | _aFLOOD RISK AREAS | ||
| 650 | _aFLOODING | ||
| 650 | _aLOW-LYING AREAS | ||
| 690 | _aENVIRONMENTAL AND LAND CONSULTANCY | ||
| 690 | _aWATER | ||
| 942 | _n0 | ||
| 948 | _c04/03/1997 | ||
| 999 |
_c36755 _d36755 |
||